EuropeSIDE DOWN Quiz Stats

Quiz Updated Jul 14, 2016

Also try: On a Map: Africa
Challenge
Share
Tweet
Score 0/47 Timer 06:00
1 Play Today
Country % Correct
Russia
87.4%
Spain
87.3%
Portugal
87.3%
France
87.2%
Ireland
87%
United Kingdom
86.9%
Germany
86.7%
Iceland
86.4%
Sweden
86.4%
Norway
86.1%
Finland
85.9%
Italy
85.7%
Turkey
85.2%
Denmark
84.5%
Poland
84.3%
Greece
84.1%
Belgium
82.6%
Vatican City
82.1%
Netherlands
81.9%
Ukraine
81.9%
Switzerland
81.3%
Andorra
80.8%
Cyprus
80.1%
Austria
79.9%
Country % Correct
Estonia
79.8%
Latvia
79.7%
Luxembourg
78.4%
Lithuania
78.2%
Monaco
77.3%
Czechia
76.3%
Malta
75.8%
Belarus
75.4%
San Marino
75.2%
Romania
74.5%
Slovakia
72.7%
Hungary
71%
Croatia
69.6%
Liechtenstein
69.5%
Albania
68.9%
Bulgaria
67.8%
Macedonia
67.5%
Slovenia
66.9%
Serbia
66.1%
Moldova
65%
Bosnia & Herzegovina
64.5%
Kosovo
63.9%
Montenegro
62.4%

You're not logged in!

Compare scores with friends on all Sporcle quizzes.
Sign Up with Email
OR
Log In

You Might Also Like...

Show Comments

Extras

Top Quizzes Today


Score Distribution

Your Account Isn't Verified!

In order to create a playlist on Sporcle, you need to verify the email address you used during registration. Go to your Sporcle Settings to finish the process.